Logo CIB grande

Life Cycle Assessment (Registro nro. 236797)

Detalles MARC
000 -LEADER
campo de control de longitud fija 00704nam a2200217Ia 4500
005 - FECHA Y HORA DE LA ÚLTIMA TRANSACCIÓN
campo de control 20250425162814.0
008 - DATOS DE LONGITUD FIJA--INFORMACIÓN GENERAL
campo de control de longitud fija 250425s9999 xx 000 0 und d
020 ## - NÚMERO INTERNACIONAL ESTÁNDAR DEL LIBRO
Número Internacional Estándar del Libro 9783319564746
041 ## - CÓDIGO DE IDIOMA
--
Código de lengua original eng
082 ## - NÚMERO DE LA CLASIFICACIÓN DECIMAL DEWEY
Número de clasificación 629.22
Iniciales del Autor HAU
010 ## - NÚMERO DE CONTROL DE LA BIBLIOTECA DEL CONGRESO
Número de control de LC 109351
100 ## - ENTRADA PRINCIPAL--NOMBRE DE PERSONA
Nombre de persona Hauschild, Michael Z.
245 #0 - MENCIÓN DEL TÍTULO
Título Life Cycle Assessment
Resto del título Theory And Practice
Mención de responsabilidad, etc. Michael Z. Hauschild
260 ## - PUBLICACIÓN, DISTRIBUCIÓN, ETC.
--
Nombre del editor, distribuidor, etc. Springer International Publishing
Fecha de publicación, distribución, etc. 2018.
300 ## - DESCRIPCIÓN FÍSICA
Extensión 1216 p.
Otras características físicas Ilustrado
Dimensiones 24 cm.
500 ## - NOTA GENERAL
Nota general Incluye Tabla de Contenido, Indice
504 ## - NOTA DE BIBLIOGRAFÍA, ETC.
Nota de bibliografía, etc. Nota Contiene Referencias
650 ## - PUNTO DE ACCESO ADICIONAL DE MATERIA--TÉRMINO DE MATERIA
Término de materia o nombre geográfico como elemento de entrada Ciclo de Vida del Producto
Término indicativo de función/relación Gas Natural
Subdivisión de forma Vida Util
Subdivisión general Vehiculos
700 ## - ENTRADA AGREGADA--NOMBRE PERSONAL
Nombre de persona Rosenbaum, Ralph K., Irving Olsen, Stig
942 ## - ELEMENTOS DE ENTRADA SECUNDARIOS (KOHA)
Tipo de ítem Koha Libros
Existencias
Estatus retirado Estado de pérdida Estado de daño No para préstamo Biblioteca de origen Biblioteca actual Ubicación en estantería Fecha de adquisición Coste, precio normal de compra Etiqueta RFID Total de préstamos Código de barras Copia número Tipo de ítem Koha
        CENTRO DE INFORMACIÓN BIBLIOTECARIA CENTRO DE INFORMACIÓN BIBLIOTECARIA   07/09/2020 169.00 0000000000000000035356   80026 1 Libros
        CENTRO DE INFORMACIÓN BIBLIOTECARIA CENTRO DE INFORMACIÓN BIBLIOTECARIA   07/09/2020 169.00 0000000000000000035603   80184 2 Libros

Copyright 2025 ESPOL. Todos los derechos reservados.